|
|
|
|
| LEADER |
00687cam a2200217ua 4500 |
| 008 |
060815t1997||||||||||| 00 ||eng c |
| 041 |
0 |
|
|a eng
|
| 082 |
|
|
|a 347.072
|b ANC/P
|
| 100 |
0 |
|
|a A.N.Chaturvedi,
|
| 245 |
0 |
0 |
|a Principles and forms of pleadings and conveyancing with advocacy and professional ethics /
|
| 250 |
|
|
|a 1
|
| 260 |
|
|
|a Faridabad:
|b Allahabad Law Agency,
|c 1997.
|
| 300 |
|
|
|a xxii, 423p..
|
| 362 |
1 |
|
|a 1997.
|
| 365 |
|
|
|a Rs.125/-
|e PB
|
| 650 |
|
|
|a Pleadings
|
| 650 |
0 |
|
|a Conveyancing
|
| 650 |
0 |
|
|a Advocacy
|
| 942 |
|
|
|c BK
|
| 999 |
|
|
|c 8223
|d 8223
|
| 952 |
|
|
|0 0
|1 0
|4 0
|6 347_072000000000000_ANC
|7 0
|9 8594
|a KUCL
|b KUCL
|d 2014-05-23
|l 0
|o 347.072 ANC/
|p 01498
|r 2014-05-23
|w 2014-05-23
|y BK
|